Précis De Droit Criminel: (Record no. 72982)
[ view plain ]
| 000 -LEADER | |
|---|---|
| fixed length control field | 01470nam a2200349 i 4500 |
| 003 - CONTROL NUMBER IDENTIFIER | |
| control field | EG-GICUC |
| 005 - DATE AND TIME OF LATEST TRANSACTION | |
| control field | 20260423110559.0 |
| 008 - FIXED-LENGTH DATA ELEMENTS--GENERAL INFORMATION | |
| fixed length control field | 260423s1926 fr fr|||| 001 0 fre d |
| 040 ## - CATALOGING SOURCE | |
| Original cataloging agency | EG-GiCUC |
| Language of cataloging | fre |
| Transcribing agency | EG-GiCUC |
| Modifying agency | EG-GiCUC |
| Description conventions | Rda |
| 041 0# - LANGUAGE CODE | |
| Language code of text/sound track or separate title | fre |
| 082 04 - DEWEY DECIMAL CLASSIFICATION NUMBER | |
| Edition number | 21 |
| Classification number | 343.8 |
| Item number | GA . P |
| 092 04 - LOCALLY ASSIGNED DEWEY CALL NUMBER (OCLC) | |
| Edition number | 21 |
| 099 ## - LOCAL FREE-TEXT CALL NUMBER (OCLC) | |
| Classification number | Law1 10 343.8 GA . P 1 ed - 1926 |
| 100 1# - MAIN ENTRY--PERSONAL NAME | |
| Personal name | Garraud, R. |
| Relator term | Auteur |
| 245 ## - TITLE STATEMENT | |
| Title | Précis De Droit Criminel: |
| Remainder of title | Contenant L'explication Élémentaire De La Partie Générale Du Code Pénal Du Code D'instruction Criminelle Et Des Lois Qui Ont Modifié Ces Deux Codes, |
| Statement of responsibility, etc. | Par R. Garraud ;Pierre Garraud |
| 250 ## - EDITION STATEMENT | |
| Edition statement | Quatorzième Édition, |
| Remainder of edition statement | Revue Et Corrigée. |
| 264 ## - PRODUCTION, PUBLICATION, DISTRIBUTION, MANUFACTURE, AND COPYRIGHT NOTICE | |
| Place of production, publication, distribution, manufacture | Paris : |
| Name of producer, publisher, distributor, manufacturer | Société Anonyme Du Recueil Sirey, |
| Date of production, publication, distribution, manufacture, or copyright notice | 1926. |
| 300 ## - PHYSICAL DESCRIPTION | |
| Extent | 1118 page ; |
| Dimensions | 24 cm. |
| 336 ## - CONTENT TYPE | |
| Source | rda contenu |
| Content type term | texte |
| 337 ## - MEDIA TYPE | |
| Source | rda medias |
| Media type term | Ordinateur |
| 338 ## - CARRIER TYPE | |
| Source | transporteur rda |
| Carrier type term | Ressource en ligne |
| 500 ## - GENERAL NOTE | |
| General note | Par<br/>R. Garraud (Correspondant De L'institut, Professeur Honoraire De L'université De Lyon, Ancien Bâtonnier De L'ordre Des Avocats). |
| 500 ## - GENERAL NOTE | |
| General note | Pierre Garraud<br/>Fropesseur De Droit Criminel A La Faculté De Droit De L'université De Lyon. |
| 546 ## - LANGUAGE NOTE | |
| Language note | Texte en français |
| 650 14 - SUBJECT ADDED ENTRY--TOPICAL TERM | |
| Topical term or geographic name entry element | Droit pénal. |
| Source of heading or term | qrmak |
| 651 1# - SUBJECT ADDED ENTRY--GEOGRAPHIC NAME | |
| Source of heading or term | qrmak |
| 700 1# - ADDED ENTRY--PERSONAL NAME | |
| Personal name | Garraud, Pierre, |
| Relator term | Contributeur |
| 710 ## - ADDED ENTRY--CORPORATE NAME | |
| Corporate name or jurisdiction name as entry element | Recueil Sirey (Paris). |
| 856 40 - ELECTRONIC LOCATION AND ACCESS | |
| Uniform Resource Identifier | <a href="https://fll.law.cu.edu.eg/fulltext/bks/B10-11301.pdf">https://fll.law.cu.edu.eg/fulltext/bks/B10-11301.pdf</a> |
| 905 ## - Cataloger and Reviser Names | |
| Cataloger Name: | Ganna Ahmed |
| 942 ## - ADDED ENTRY ELEMENTS (KOHA) | |
| Source of classification or shelving scheme | Dewey Decimal Classification |
| Koha item type | Books |
| Edition | 21 |
| Suppress in OPAC | No |
| Withdrawn status | Lost status | Source of classification or shelving scheme | Damaged status | Not for loan | Collection | Home library | Current library | Date acquired | Total checkouts | Full call number | Barcode | Date last seen | Copy number | Price effective from | Koha item type |
|---|---|---|---|---|---|---|---|---|---|---|---|---|---|---|---|
| Dewey Decimal Classification | Not for loan | القانون الجنائي | جــــامعة القــاهرة | مكتبة كلية الحقوق - المبنى الرئيسي | 23.04.2026 | Law1 10 343.8 GA . P 1 ed - 1926 1011301 C1 | B10-11301 | 23.04.2026 | 1 | 23.04.2026 | Books |